00517nam a2200193 a 4500001001300000003000900013005001700022008004100039020002700080082001600107100002100123245002600144260004500170300000900215500003500224505001700259650002600276700002100302nice12345678IN_TiNIC20260116013938.0050524s1978 chia grp 000 0 eng  a0226119 c1181.2500a299.31bFRA aFranlfort, Henri aKingship and the Gods aChicagobChicago University Press c1978 a444p aincludes index and biblioraphy2 aNotes, Index aGod-Egyptian Religion1 aFranlfort, Henri